00520 a2200169 4500010001400000020002300014035001300037037001600050082001600066100001900082245009000101260004400191270004700235300003000282500002000312700001800332 aENG-88737 c350.00a8120333215 aEN-72270 bDBAD / PUB14a338.50246581 aKasi Reddy, M.1 aManagerial economics and financial accounting/c by M. Kasi Reddy [and] S. Saraswathi aNew DelhibPrentice-Hall of Indiac2007 aM-97, Connaught CircusbNew Delhie110 001 axiv, 578 p.c24 cm. (Pbk) aIncludes index1 aS. Saraswathi